Nghệ thuật dẫn dụ khách hàng : Kỹ thuật bán hàng

Kaydedildi:
Detaylı Bibliyografya
Yazar: Moulinier, René
Materyal Türü: Kitap
Dil:Undetermined
Baskı/Yayın Bilgisi: Hà Nội Văn hóa Thông tin 2004
Konular:
Etiketler: Etiketle
Etiket eklenmemiş, İlk siz ekleyin!
Thư viện lưu trữ: Trung tâm Học liệu Trường Đại học Cần Thơ
LEADER 00589nam a2200205Ia 4500
001 CTU_63388
008 210402s9999 xx 000 0 und d
020 |b 45000 
082 |a 658.83 
082 |b M962 
100 |a Moulinier, René 
245 0 |a Nghệ thuật dẫn dụ khách hàng : 
245 0 |b Kỹ thuật bán hàng 
245 0 |c René Moulinier; Hoàng Hải dịch 
260 |a Hà Nội 
260 |b Văn hóa Thông tin 
260 |c 2004 
650 |a Marketing 
904 |i Mai Loan 
980 |a Trung tâm Học liệu Trường Đại học Cần Thơ